Library Banner

Sawaneh Muhammd Ali Pasha(سوانح محمد علی پاشا)/ (Record no. 109551)

MARC details
000 -LEADER
fixed length control field 00298nam a22001097a 4500
005 - DATE AND TIME OF LATEST TRANSACTION
control field 20181213104253.0
008 - FIXED-LENGTH DATA ELEMENTS--GENERAL INFORMATION
fixed length control field 181213b ||||| |||| 00| 0 eng d
040 ## - CATALOGING SOURCE
Transcribing agency PK-LaUMT
082 ## - DEWEY DECIMAL CLASSIFICATION NUMBER
Classification number RHC 891.4393
Item number SAW-
245 ## - TITLE STATEMENT
Title Sawaneh Muhammd Ali Pasha(سوانح محمد علی پاشا)/
942 ## - ADDED ENTRY ELEMENTS (KOHA)
Koha item type Books
Holdings
Withdrawn status Lost status Damaged status Home library Current library Date acquired Full call number Barcode Date last seen Price effective from Koha item type
      UMT Main Campus UMT Main Campus 2018-12-13 RHC 891.4393 SAW- 127071 2018-12-13 2018-12-13 Books